000
00240nam a2200109Ia 4500
008
190913s9999||||xx |||||||||||||| ||und||
100
_a
Spiegel,murry R.
245
0
_a
Statistics
260
_a
UK
_b
Mcgraw
_c
2000
300
_a
975
942
_c
BK
999
_c
8209
_d
8209